[Event "Titled Tuesday intern op 10th Jan Late"]
[Site "Chess.com INT"]
[Date "2023.01.10"]
[Round "7"]
[White "Santos Flores, Alberto Javier"]
[Black "Soyunlu, Narmin Asat Qizi"]
[Result "1-0"]
[WhiteElo "2164"]
[BlackElo "2013"]
[PlyCount "139"]
[EventDate "2023.01.10"]
[EventType "swiss (blitz)"]
[EventRounds "11"]
[EventCountry "USA"]
[SourceTitle "EXT 2024"]
[Source "ChessBase"]
[SourceDate "2023.10.10"]
[SourceVersion "1"]
[SourceVersionDate "2023.10.10"]
[SourceQuality "1"]

1. e4 e5 2. Nf3 Nc6 3. Bc4 Bc5 4. c3 Nf6 5. d3 a6 6. 0-0 h6 7. Nbd2 Ba7 8. a4 d6 9. Re1 0-0 10. h3 Be6 11. Ba2 Bxa2 12. Rxa2 Qd7 13. Nf1 d5 14. Ng3 dxe4 15. dxe4 Qxd1 16. Rxd1 Rfd8 17. Bd2 Na5 18. b4 Nc4 19. Raa1 Rd3 20. Be1 Rad8 21. Rxd3 Rxd3 22. Kf1 Kf8 23. Ke2 Rd7 24. Rd1 Rxd1 25. Kxd1 g6 26. Ke2 Nd7 27. Kd3 Nb2+ 28. Kc2 Nxa4 29. Nd2 Nab6 30. f3 Ke7 31. Bf2 Bb8 32. Be3 h5 33. Ne2 Ke6 34. Kd3 Na4 35. Nb3 Kd6 36. Na5 b6 37. Nc4+ Ke6 38. Bd2 c5 39. Ne3 b5 40. Nd5 cxb4 41. cxb4 Nab6 42. Nec3 Nxd5 43. Nxd5 Bd6 44. Be3 Nb8 45. Kc3 Nc6 46. Kb3 a5 47. bxa5 Nxa5+ 48. Kc2 b4 49. Bd2 Nc6 50. Kb3 Nd4+ 51. Kc4 Nc2 52. Nxb4 Nxb4 53. Bxb4 Bxb4 54. Kxb4 f5 55. Kc5 fxe4 56. fxe4 Kf6 57. h4 Ke6 58. Kc6 Ke7 59. Kd5 Kf6 60. Kd6 g5 61. g3 gxh4 62. gxh4 Kf7 63. Kxe5 Ke7 64. Kf5 Kf7 65. Kg5 Ke6 66. Kxh5 Ke5 67. Kg6 Kxe4 68. h5 Ke5 69. h6 Ke6 70. h7 1-0

[Event "Titled Tuesday intern op 10th Jan Late"]
[Site "Chess.com INT"]
[Date "2023.01.10"]
[Round "8"]
[White "Soyunlu, Narmin Asat Qizi"]
[Black "Guerb, Leonid"]
[Result "1-0"]
[WhiteElo "2013"]
[BlackElo "2295"]
[PlyCount "67"]
[EventDate "2023.01.10"]
[EventType "swiss (blitz)"]
[EventRounds "11"]
[EventCountry "USA"]
[SourceTitle "EXT 2024"]
[Source "ChessBase"]
[SourceDate "2023.10.10"]
[SourceVersion "1"]
[SourceVersionDate "2023.10.10"]
[SourceQuality "1"]

1. c4 Nf6 2. g3 c5 3. Bg2 g6 4. Nc3 Bg7 5. Nf3 d5 6. cxd5 Nxd5 7. 0-0 0-0 8. Nxd5 Qxd5 9. d3 Nc6 10. Nd2 Qh5 11. Ne4 Bd7 12. Be3 b6 13. Rc1 Bxb2 14. Rc2 Bd4 15. Bf4 Rac8 16. Bf3 Bg4 17. Bg2 Bg7 18. Be3 Nd4 19. Bxd4 Bxd4 20. Qd2 Rfd8 21. Rb1 Be6 22. Qe1 Qf5 23. Nc3 c4 24. Nb5 cxd3 25. Rxc8 Rxc8 26. Nxd4 Qe5 27. Nxe6 Qxe6 28. exd3 Qxa2 29. Rc1 Rxc1 30. Qxc1 e6 31. Qc8+ Kg7 32. Qc3+ Kg8 33. Qc4 Qb1+ 34. Bf1 1-0

[Event "Titled Tuesday intern op 10th Jan Late"]
[Site "Chess.com INT"]
[Date "2023.01.10"]
[Round "11"]
[White "Soyunlu, Narmin Asat Qizi"]
[Black "Rose, Felix"]
[Result "0-1"]
[WhiteElo "2013"]
[BlackElo "2091"]
[PlyCount "92"]
[EventDate "2023.01.10"]
[EventType "swiss (blitz)"]
[EventRounds "11"]
[EventCountry "USA"]
[SourceTitle "EXT 2024"]
[Source "ChessBase"]
[SourceDate "2023.10.10"]
[SourceVersion "1"]
[SourceVersionDate "2023.10.10"]
[SourceQuality "1"]

1. d4 Nf6 2. c4 e6 3. g3 d5 4. Bg2 dxc4 5. Nf3 a6 6. a4 Nc6 7. 0-0 Rb8 8. Bg5 Be7 9. Nc3 0-0 10. a5 h6 11. Be3 Bb4 12. Qc2 Nxa5 13. Ra4 Bxc3 14. Qxc3 b6 15. Rxc4 Nxc4 16. Qxc4 Bb7 17. Rc1 Nd5 18. Ne5 Nxe3 19. fxe3 Bxg2 20. Kxg2 c5 21. dxc5 bxc5 22. Nc6 Qc7 23. Nxb8 Qxb8 24. Qxc5 Qxb2 25. Qc2 Qb7+ 26. Kg1 Qb6 27. Qc5 Qb2 28. Rc2 Qb1+ 29. Kg2 Qb7+ 30. Qc6 Qb3 31. Rc3 Qd1 32. Rc2 a5 33. Qc3 a4 34. Rd2 Qb1 35. Rb2 Qa1 36. Qb4 a3 37. Rb1 Qa2 38. Kf2 Ra8 39. Qe1 Qd5 40. Ra1 a2 41. Qc1 h5 42. Qb2 g6 43. e4 Qxe4 44. Rxa2 Qf5+ 45. Kg2 Qd5+ 46. Kf2 Rxa2 0-1

[Event "Titled Tuesday intern op 10th Jan Late"]
[Site "Chess.com INT"]
[Date "2023.01.10"]
[Round "5"]
[White "Soyunlu, Narmin Asat Qizi"]
[Black "Rosenberg, Evan"]
[Result "1-0"]
[WhiteElo "2013"]
[BlackElo "1931"]
[PlyCount "97"]
[EventDate "2023.01.10"]
[EventType "swiss (blitz)"]
[EventRounds "11"]
[EventCountry "USA"]
[SourceTitle "EXT 2024"]
[Source "ChessBase"]
[SourceDate "2023.10.10"]
[SourceVersion "1"]
[SourceVersionDate "2023.10.10"]
[SourceQuality "1"]

1. d4 d5 2. c4 e6 3. cxd5 exd5 4. Nc3 c6 5. Qc2 Nf6 6. Bg5 Be7 7. e3 0-0 8. Bd3 h6 9. Bh4 Re8 10. Nge2 Nh5 11. Bxe7 Qxe7 12. 0-0 Qg5 13. Ng3 Nxg3 14. hxg3 Nd7 15. e4 Nf6 16. e5 Ng4 17. Be2 Qh5 18. Bxg4 Bxg4 19. f3 Bf5 20. Qd2 Qg6 21. Kf2 f6 22. Rfe1 fxe5 23. dxe5 Be6 24. Ne2 c5 25. Nf4 Qf7 26. Rad1 d4 27. Nxe6 Qxe6 28. Qd3 Qxa2 29. Rd2 Qd5 30. f4 Re6 31. Qe4 Qxe4 32. Rxe4 Rae8 33. Rc2 b6 34. Rce2 Kf7 35. f5 Rc6 36. Kf3 Rd8 37. Rd2 Ke7 38. Kf4 Rd5 39. g4 a5 40. g5 hxg5+ 41. Kxg5 a4 42. Kf4 b5 43. g4 b4 44. g5 a3 45. bxa3 b3 46. f6+ gxf6 47. exf6+ Kf7 48. Re7+ Kf8 49. Rh2 1-0

[Event "Titled Tuesday intern op 30th June"]
[Site "Chess.com INT"]
[Date "2020.06.30"]
[Round "3"]
[White "Tarini, Goyal"]
[Black "Soyunlu, Narmin Asat Qizi"]
[Result "1-0"]
[WhiteElo "2164"]
[BlackElo "2013"]
[PlyCount "47"]
[EventDate "2020.06.30"]
[EventType "swiss (blitz)"]
[EventRounds "10"]
[EventCountry "USA"]
[SourceTitle "CBM 197 Extra"]
[Source "ChessBase"]
[SourceDate "2020.09.30"]
[SourceVersion "1"]
[SourceVersionDate "2020.09.30"]
[SourceQuality "1"]

1. d4 Nf6 2. c4 e6 3. g3 d5 4. Nf3 dxc4 5. Bg2 Be7 6. 0-0 0-0 7. Nbd2 c5 8. Nxc4 Nc6 9. dxc5 Bxc5 10. Bg5 Qe7 11. Qb3 a6 12. Rad1 h6 13. Bf4 Rd8 14. Nfe5 Nxe5 15. Bxe5 Rxd1 16. Rxd1 Ng4 17. Bd4 Bxd4 18. Rxd4 e5 19. Rd2 Be6 20. h3 Nxf2 21. Kxf2 Qc5+ 22. Qe3 Qxc4 23. b3 Qc6 24. Bxc6 1-0

[Event "Sharjah Cup (Women) 10th"]
[Site "Sharjah"]
[Date "2020.01.09"]
[Round "7"]
[White "Soyunlu, Narmin Asat Qizi"]
[Black "Gong, Qianyun"]
[Result "0-1"]
[WhiteElo "2020"]
[BlackElo "2371"]
[PlyCount "112"]
[EventDate "2020.01.04"]
[EventType "swiss"]
[EventRounds "9"]
[EventCountry "UAE"]
[SourceTitle "CBM 194 Extra"]
[Source "ChessBase"]
[SourceDate "2020.03.31"]
[SourceVersion "1"]
[SourceVersionDate "2020.03.31"]
[SourceQuality "1"]

1. d4 Nf6 2. c4 g6 3. g3 d5 4. cxd5 Nxd5 5. Bg2 Bg7 6. e4 Nb6 7. Ne2 c5 8. d5 0-0 9. 0-0 Na6 10. Nbc3 e6 11. h3 Re8 12. Kh2 Bd7 13. dxe6 Bxe6 14. Qxd8 Raxd8 15. Bg5 f6 16. Bf4 g5 17. Be3 Nc4 18. Bc1 Nb4 19. b3 Nd2 20. Bxd2 Rxd2 21. e5 fxe5 22. Bxb7 e4 23. Rac1 e3 24. Bf3 Rf8 25. Kg2 Bxh3+ 26. Kxh3 Rxf3 27. Kg2 g4 28. Nf4 Rfxf2+ 29. Rxf2 Rxf2+ 30. Kg1 Bd4 31. Nce2 Nxa2 32. Rc4 a5 33. Nxd4 cxd4 34. Rxd4 Rb2 35. Ng2 h5 36. Nxe3 Rxb3 37. Ra4 Rxe3 38. Rxa2 Rxg3+ 39. Kh2 Rh3+ 40. Kg2 Kg7 41. Rxa5 Kg6 42. Ra6+ Kg5 43. Ra5+ Kh4 44. Rb5 Rg3+ 45. Kh2 Ra3 46. Rb2 g3+ 47. Kg2 Ra4 48. Rb3 Ra2+ 49. Kg1 Kh3 50. Rb1 h4 51. Rc1 Ra4 52. Rb1 Kg4 53. Kh1 h3 54. Kg1 h2+ 55. Kg2 Ra2+ 56. Kh1 Kh3 0-1

[Event "Charleroi op"]
[Site "Roux"]
[Date "2019.07.28"]
[Round "2"]
[White "Soyunlu, Narmin Asat Qizi"]
[Black "Klinova, Masha"]
[Result "0-1"]
[WhiteElo "2099"]
[BlackElo "2269"]
[PlyCount "73"]
[EventDate "2019.07.27"]
[EventType "swiss"]
[EventRounds "9"]
[EventCountry "BEL"]
[SourceTitle "CBM 191 Extra"]
[Source "ChessBase"]
[SourceDate "2019.09.30"]
[SourceVersion "1"]
[SourceVersionDate "2019.09.30"]
[SourceQuality "1"]

1. g3 g6 2. Bg2 Bg7 3. c4 e5 4. Nc3 Nc6 5. e3 d6 6. Nge2 f5 7. d4 Nf6 8. 0-0 0-0 9. b3 e4 10. f3 exf3 11. Bxf3 Bd7 12. Nf4 Rb8 13. a3 Ne7 14. Bb2 g5 15. Nd3 Ng6 16. e4 fxe4 17. Nxe4 Nxe4 18. Bxe4 Qe7 19. Bd5+ Kh8 20. Qd2 c6 21. Rfe1 Qd8 22. Be6 Bxe6 23. Rxe6 d5 24. Nc5 b6 25. Rxg6 hxg6 26. Ne6 Qf6 27. Nxf8 Rxf8 28. cxd5 cxd5 29. Qe2 Qf3 30. Qc2 Qe3+ 31. Kg2 Qf3+ 32. Kg1 g4 33. Re1 Bh6 34. Bc1 Bg7 35. Bb2 Kh7 36. b4 b5 37. Qe2 0-1

[Event "Baku Summer IM"]
[Site "Baku"]
[Date "2019.07.05"]
[Round "4.3"]
[White "Gasimov, Parviz"]
[Black "Soyunlu, Narmin Asat Qizi"]
[Result "1-0"]
[WhiteElo "2323"]
[BlackElo "2099"]
[PlyCount "67"]
[EventDate "2019.07.03"]
[EventType "team-schev"]
[EventRounds "9"]
[EventCountry "AZE"]
[SourceTitle "CBM 191 Extra"]
[Source "ChessBase"]
[SourceDate "2019.09.30"]
[SourceVersion "1"]
[SourceVersionDate "2019.09.30"]
[SourceQuality "1"]
[WhiteTeam "Shatranj"]
[BlackTeam "Soffia II"]
[WhiteTeamCountry "AZE"]
[BlackTeamCountry "AZE"]

1. e4 e5 2. Nf3 Nc6 3. Bb5 a6 4. Ba4 Nf6 5. d3 d6 6. c3 Be7 7. 0-0 0-0 8. Re1 b5 9. Bc2 Na5 10. a4 Bg4 11. b4 Nc6 12. h3 Bh5 13. Bb3 Qd7 14. Bg5 h6 15. Bxf6 Bxf6 16. Nbd2 Ne7 17. Nf1 d5 18. g4 Bg6 19. Ng3 Rad8 20. Qc1 Bh7 21. Nh5 Qc6 22. d4 Bxe4 23. dxe5 Bg5 24. Nxg5 hxg5 25. Qxg5 Ng6 26. Rac1 bxa4 27. Ba2 Rfe8 28. Rxe4 dxe4 29. e6 Kf8 30. Ng3 Rd3 31. Nf5 Qb6 32. exf7 Re5 33. Bc4 Rxh3 34. Qd8+ 1-0

[Event "Baku Summer IM"]
[Site "Baku"]
[Date "2019.07.04"]
[Round "3.3"]
[White "Manafov, Vugar Gulam"]
[Black "Soyunlu, Narmin Asat Qizi"]
[Result "1-0"]
[WhiteElo "2175"]
[BlackElo "2099"]
[PlyCount "79"]
[EventDate "2019.07.03"]
[EventType "team-schev"]
[EventRounds "9"]
[EventCountry "AZE"]
[SourceTitle "CBM 191 Extra"]
[Source "ChessBase"]
[SourceDate "2019.09.30"]
[SourceVersion "1"]
[SourceVersionDate "2019.09.30"]
[SourceQuality "1"]
[WhiteTeam "Good friends"]
[BlackTeam "Soffia II"]
[WhiteTeamCountry "AZE"]
[BlackTeamCountry "AZE"]

1. d4 Nf6 2. c4 e6 3. Nf3 b6 4. g3 Bb7 5. Bg2 Be7 6. 0-0 0-0 7. Re1 Ne4 8. Qc2 f5 9. Nc3 Nxc3 10. Qxc3 Bf6 11. Qc2 c5 12. dxc5 bxc5 13. Bf4 Qe7 14. Qd2 d5 15. cxd5 exd5 16. Rac1 Na6 17. Bg5 Rad8 18. Bxf6 Rxf6 19. e3 Re6 20. h4 h6 21. a3 Rb6 22. Red1 Bc6 23. Qc3 Ba4 24. Rd2 Rbd6 25. b3 Bb5 26. Rcd1 Bc6 27. Ne5 Bb7 28. h5 Qg5 29. Bf3 Qf6 30. Qb2 Nc7 31. Ng6 Qf7 32. Nf4 Rb6 33. Qc2 Rb5 34. a4 Rb6 35. Qxc5 Rxb3 36. Nxd5 Nxd5 37. Bxd5 Rxd5 38. Rxd5 Qxh5 39. Qc4 Bxd5 40. Rxd5 1-0

[Event "Baku Summer IM"]
[Site "Baku"]
[Date "2019.07.03"]
[Round "1.3"]
[White "Soyunlu, Narmin Asat Qizi"]
[Black "Afshari, Mohammadparsa"]
[Result "1-0"]
[WhiteElo "2099"]
[BlackElo "1615"]
[PlyCount "61"]
[EventDate "2019.07.03"]
[EventType "team-schev"]
[EventRounds "9"]
[EventCountry "AZE"]
[SourceTitle "CBM 191 Extra"]
[Source "ChessBase"]
[SourceDate "2019.09.30"]
[SourceVersion "1"]
[SourceVersionDate "2019.09.30"]
[SourceQuality "1"]
[WhiteTeam "Soffia II"]
[BlackTeam "Shatranj"]
[WhiteTeamCountry "AZE"]
[BlackTeamCountry "AZE"]

1. c4 e6 2. g3 d5 3. Bg2 Nf6 4. Nf3 Be7 5. d4 0-0 6. 0-0 Nbd7 7. b3 b6 8. Bb2 Bb7 9. Nbd2 c5 10. e3 dxc4 11. bxc4 Rc8 12. Rc1 Qc7 13. Qb3 Rfd8 14. Rfd1 Nf8 15. Nb1 Ng6 16. Nc3 h5 17. h4 Qb8 18. d5 exd5 19. Nxd5 Nxd5 20. cxd5 b5 21. Ng5 c4 22. Qxb5 Rc5 23. Qa4 Bxd5 24. Ba3 Rb5 25. Bxe7 Nxe7 26. Bxd5 Rbxd5 27. Rxd5 Rxd5 28. Qxc4 Qd6 29. e4 Rd1+ 30. Rxd1 Qxd1+ 31. Kg2 1-0

[Event "EU-ch (Women) 20th"]
[Site "Antalya"]
[Date "2019.04.19"]
[Round "8"]
[White "Janzelj, Lara"]
[Black "Soyunlu, Narmin Asat Qizi"]
[Result "0-1"]
[WhiteElo "2182"]
[BlackElo "2064"]
[PlyCount "99"]
[EventDate "2019.04.11"]
[EventType "swiss"]
[EventRounds "11"]
[EventCountry "TUR"]
[SourceTitle "CBM 190"]
[Source "ChessBase"]
[SourceDate "2019.06.30"]
[SourceVersion "1"]
[SourceVersionDate "2019.06.30"]
[SourceQuality "1"]

1. d4 Nf6 2. c4 e6 3. g3 d5 4. Bg2 Be7 5. Nf3 0-0 6. 0-0 dxc4 7. Qc2 a6 8. a4 Bd7 9. Ne5 Bc6 10. Nxc6 Nxc6 11. e3 Na5 12. Na3 Nb3 13. Rb1 c6 14. Nxc4 Nxc1 15. Rbxc1 a5 16. Qb3 Bb4 17. Rfd1 Qe7 18. e4 Rad8 19. Rd3 h6 20. Qd1 Rd7 21. f4 Rfd8 22. Ne3 Qe8 23. h3 c5 24. d5 exd5 25. exd5 Re7 26. Qf3 Bd2 27. Rxd2 Rxe3 28. Qf2 b6 29. Rcc2 Rd6 30. Kh2 Rb3 31. Rc4 Re3 32. Bf3 Rb3 33. Rc1 Qxa4 34. Bd1 Ne4 35. Qe2 Nxd2 36. Qxd2 Qb4 37. Qe2 Rxb2 38. Bc2 Qa4 39. Bh7+ Kxh7 40. Qxb2 Rxd5 41. Qb1+ g6 42. Rc2 b5 43. h4 b4 44. Rf2 Qd1 45. Qa2 a4 46. f5 gxf5 47. Rg2 a3 48. Qf2 b3 49. g4 a2 50. gxf5 0-1

[Event "AZE-ch (Women)"]
[Site "Baku"]
[Date "2019.02.07"]
[Round "4"]
[White "Soyunlu, Narmin Asat Qizi"]
[Black "Babayeva, Samira"]
[Result "1-0"]
[WhiteElo "2029"]
[BlackElo "1773"]
[PlyCount "53"]
[EventDate "2019.02.04"]
[EventType "swiss"]
[EventRounds "9"]
[EventCountry "AZE"]
[SourceTitle "CBM 188 Extra"]
[Source "ChessBase"]
[SourceDate "2019.02.26"]
[SourceVersion "1"]
[SourceVersionDate "2019.02.26"]
[SourceQuality "1"]

1. e4 c6 2. d4 d6 3. Nc3 Qc7 4. f4 g6 5. Nf3 Bg7 6. Be3 b5 7. a3 Nd7 8. Be2 e5 9. 0-0 Ngf6 10. dxe5 dxe5 11. Nxe5 Nxe5 12. fxe5 Qxe5 13. Bd4 Qe6 14. Nxb5 Qe7 15. Bxf6 Bxf6 16. Rxf6 Qxf6 17. Nc7+ Ke7 18. Nxa8 Rd8 19. Qe1 Bb7 20. Qb4+ Qd6 21. Qxb7+ Kf8 22. Qxa7 c5 23. Rd1 Qf6 24. Qxc5+ Kg7 25. Rxd8 Qxd8 26. Qc3+ Kg8 27. Nc7 1-0

[Event "AZE-ch (Women)"]
[Site "Baku"]
[Date "2019.02.05"]
[Round "2"]
[White "Ismayil, Malak"]
[Black "Soyunlu, Narmin Asat Qizi"]
[Result "0-1"]
[WhiteElo "1905"]
[BlackElo "2029"]
[PlyCount "100"]
[EventDate "2019.02.04"]
[EventType "swiss"]
[EventRounds "9"]
[EventCountry "AZE"]
[SourceTitle "CBM 188 Extra"]
[Source "ChessBase"]
[SourceDate "2019.02.26"]
[SourceVersion "1"]
[SourceVersionDate "2019.02.26"]
[SourceQuality "1"]

1. e4 e5 2. Nf3 Nc6 3. Bc4 Bc5 4. c3 Nf6 5. d4 exd4 6. e5 d5 7. Bb5 Ne4 8. cxd4 Bb6 9. Nc3 0-0 10. Be3 f5 11. exf6 Rxf6 12. 0-0 Bg4 13. Nxe4 dxe4 14. Qb3+ Be6 15. Bc4 exf3 16. Bxe6+ Kh8 17. d5 fxg2 18. Kxg2 Nd4 19. Bxd4 Bxd4 20. f4 Qd6 21. f5 Raf8 22. Rf3 g6 23. Raf1 gxf5 24. Rxf5 Rg6+ 25. Kh1 Rxf5 26. Bxf5 Rf6 27. Qxb7 Qf8 28. Qxc7 Rxf5 29. Rxf5 Qxf5 30. Qd8+ Kg7 31. Qe7+ Qf7 32. Qg5+ Kh8 33. h4 Qf3+ 34. Kh2 Bf6 35. Qg3 Qxg3+ 36. Kxg3 Bxb2 37. Kf4 Bf6 38. h5 Kg7 39. Kf5 Kf7 40. a4 Bh4 41. Kg4 Be1 42. Kf5 Ke7 43. Ke4 Kd6 44. Kd4 Bf2+ 45. Kc4 Bb6 46. Kb5 Kxd5 47. a5 Be3 48. a6 Bb6 49. Kb4 Kc6 50. Kc4 Bc7 0-1

[Event "Marmaris Cleopatra (Women)"]
[Site "Marmaris"]
[Date "2018.10.30"]
[Round "10.2"]
[White "Dimitrijevic, Aleksandra"]
[Black "Soyunlu, Narmin Asat Qizi"]
[Result "0-1"]
[WhiteElo "2189"]
[BlackElo "2014"]
[PlyCount "108"]
[EventDate "2018.10.26"]
[EventType "schev"]
[EventRounds "10"]
[EventCountry "TUR"]
[SourceTitle "CBM 187 Extra"]
[Source "ChessBase"]
[SourceDate "2018.11.04"]
[SourceVersion "1"]
[SourceVersionDate "2018.11.04"]
[SourceQuality "1"]

1. g3 d5 2. Bg2 Nf6 3. d3 c5 4. b3 Nc6 5. Bb2 e6 6. Nd2 Be7 7. Ngf3 0-0 8. e3 Qc7 9. Qe2 e5 10. h3 Re8 11. a3 Bd7 12. 0-0-0 b5 13. Kb1 a5 14. g4 Reb8 15. g5 Ne8 16. h4 a4 17. h5 b4 18. axb4 axb3 19. c3 cxb4 20. c4 Be6 21. Nxb3 Ra3 22. Qc2 e4 23. Nfd2 exd3 24. Qxd3 dxc4 25. Nxc4 Rxb3 26. Qxb3 Na5 27. Be5 Qxe5 28. Nxe5 Bxb3 29. Rd7 Bxg5 30. Rc1 Be6 31. Ra7 Nb3 32. Rd1 h6 33. Be4 Nc5 34. Nc6 Nxe4 35. Nxb8 Nc3+ 36. Kc1 Nxd1 37. Kxd1 b3 38. Rb7 Nd6 39. Rb4 Bf6 40. Nc6 Bc3 41. Rb8+ Kh7 42. Nd4 Bxd4 43. exd4 Ne4 44. Ke1 Nc3 45. Rb4 g6 46. hxg6+ Kxg6 47. Kf1 Kf5 48. Ke1 h5 49. Kd2 Ne4+ 50. Ke1 h4 51. Rb8 h3 52. Kf1 Nd2+ 53. Ke1 h2 54. Rh8 b2 0-1

[Event "Marmaris Cleopatra (Women)"]
[Site "Marmaris"]
[Date "2018.10.29"]
[Round "7.2"]
[White "Soyunlu, Narmin Asat Qizi"]
[Black "Tereladze, Sopiko"]
[Result "1/2-1/2"]
[WhiteElo "2014"]
[BlackElo "2161"]
[PlyCount "91"]
[EventDate "2018.10.26"]
[EventType "schev"]
[EventRounds "10"]
[EventCountry "TUR"]
[SourceTitle "CBM 187 Extra"]
[Source "ChessBase"]
[SourceDate "2018.11.04"]
[SourceVersion "1"]
[SourceVersionDate "2018.11.04"]
[SourceQuality "1"]

1. d4 Nf6 2. c4 e6 3. Nc3 Bb4 4. g3 0-0 5. Bg2 d5 6. Nf3 dxc4 7. 0-0 c6 8. Ne5 Nd5 9. Qc2 b5 10. a4 f6 11. Nf3 Ba6 12. e4 Nxc3 13. bxc3 Be7 14. axb5 Bxb5 15. Bh3 Nd7 16. Bxe6+ Kh8 17. Nh4 c5 18. Qe2 cxd4 19. cxd4 Qe8 20. Bxc4 Bxc4 21. Qxc4 Nb6 22. Qb3 Qc6 23. Nf5 Qxe4 24. Qb1 Qxb1 25. Rxb1 Rfe8 26. Bf4 Nd5 27. Rb7 Nxf4 28. gxf4 Bf8 29. d5 g6 30. Nd4 Rad8 31. Ne6 Rxd5 32. Nxf8 Rxf8 33. Rc1 a5 34. Rcc7 Rh5 35. Ra7 Kg8 36. Kg2 Kh8 37. Kg3 Kg8 38. h3 Kh8 39. h4 Kg8 40. f5 gxf5 41. f4 Kh8 42. Rxa5 Rg8+ 43. Kh3 Rg4 44. Ra8+ Rg8 45. Ra5 Rg4 46. Ra8+ 1/2-1/2

[Event "Mersin op 3rd"]
[Site "Mersin"]
[Date "2018.09.13"]
[Round "7"]
[White "Soyunlu, Narmin Asat Qizi"]
[Black "Kazimova, Narmin Nizami Qizi"]
[Result "0-1"]
[WhiteElo "2051"]
[BlackElo "2264"]
[PlyCount "74"]
[EventDate "2018.09.09"]
[EventType "swiss"]
[EventRounds "9"]
[EventCountry "TUR"]
[SourceTitle "CBM 186 Extra"]
[Source "ChessBase"]
[SourceDate "2018.08.24"]
[SourceVersion "1"]
[SourceVersionDate "2018.08.24"]
[SourceQuality "1"]

1. g3 Nf6 2. Bg2 e6 3. c4 d5 4. Nf3 dxc4 5. Qa4+ Nbd7 6. Qxc4 c5 7. 0-0 a6 8. Qc2 b5 9. a4 Bb7 10. axb5 axb5 11. Rxa8 Qxa8 12. d3 Be7 13. b3 0-0 14. Bb2 Rc8 15. Nbd2 Bc6 16. Rc1 Nd5 17. Ra1 Qb8 18. Qd1 Nb4 19. Ne1 Bxg2 20. Nxg2 Bf6 21. Bxf6 Nxf6 22. Ra5 h6 23. Ne3 Nfd5 24. Ne4 Nxe3 25. fxe3 Qb6 26. Qa1 c4 27. bxc4 Qxe3+ 28. Kf1 bxc4 29. Ra8 Rxa8 30. Qxa8+ Kh7 31. dxc4 Qc1+ 32. Kf2 Qxc4 33. Qb7 Nd5 34. Qb1 f5 35. Nd2 Qd4+ 36. Ke1 Qg1+ 37. Nf1 Ne3 0-1

[Event "Kesan op 16th"]
[Site "Kesan"]
[Date "2018.08.17"]
[Round "9"]
[White "Ozkan, Hakan"]
[Black "Soyunlu, Narmin Asat Qizi"]
[Result "0-1"]
[WhiteElo "1767"]
[BlackElo "2061"]
[PlyCount "100"]
[EventDate "2018.08.12"]
[EventType "swiss"]
[EventRounds "9"]
[EventCountry "TUR"]
[SourceTitle "CBM 186 Extra"]
[Source "ChessBase"]
[SourceDate "2018.08.24"]
[SourceVersion "1"]
[SourceVersionDate "2018.08.24"]
[SourceQuality "1"]

1. e4 e5 2. Nf3 Nc6 3. d4 exd4 4. Bc4 Bc5 5. c3 Nf6 6. cxd4 Bb4+ 7. Nc3 Nxe4 8. 0-0 Bxc3 9. d5 Ne5 10. bxc3 Nxc4 11. Qd4 0-0 12. Qxe4 Nd6 13. Qd4 b6 14. Re1 Ba6 15. Bf4 Re8 16. Bxd6 cxd6 17. Qf4 Qc7 18. Ng5 f6 19. Ne4 Re5 20. Qg3 Kf8 21. Qh4 Rae8 22. f3 Bd3 23. Qxh7 Qc5+ 24. Kh1 Qxd5 25. Red1 Bxe4 26. Qh8+ Qg8 27. Qxg8+ Kxg8 28. fxe4 Rxe4 29. Kg1 R8e6 30. Rd3 Kf7 31. Rad1 Re1+ 32. Rxe1 Rxe1+ 33. Kf2 Ra1 34. Rxd6 Rxa2+ 35. Kf3 Ke7 36. Rd3 a5 37. h4 a4 38. g3 b5 39. Rd5 Rb2 40. Kg4 a3 41. Rd1 Rc2 42. Rb1 a2 43. Ra1 d5 44. Kf4 Kd6 45. h5 d4 46. cxd4 b4 47. Kf5 b3 48. Kg6 Rb2 49. Kxg7 Rb1 50. h6 Rxa1 0-1

[Event "Troya op 26th"]
[Site "Canakkale"]
[Date "2018.08.09"]
[Round "6"]
[White "Semiev, Suhrab"]
[Black "Soyunlu, Narmin Asat Qizi"]
[Result "1/2-1/2"]
[WhiteElo "2285"]
[BlackElo "2061"]
[PlyCount "128"]
[EventDate "2018.08.06"]
[EventType "swiss"]
[EventRounds "9"]
[EventCountry "TUR"]
[SourceTitle "CBM 185 Extra"]
[Source "ChessBase"]
[SourceDate "2018.07.29"]
[SourceVersion "1"]
[SourceVersionDate "2018.07.29"]
[SourceQuality "1"]

1. g3 d5 2. Bg2 Nf6 3. d3 c5 4. Nf3 Nc6 5. Nbd2 g6 6. c4 d4 7. 0-0 Bg7 8. a3 0-0 9. Ne1 a5 10. Nc2 Qc7 11. Rb1 Bd7 12. b4 axb4 13. axb4 Nxb4 14. Nxb4 cxb4 15. Rxb4 Bc6 16. Bb2 e5 17. Qc2 Bxg2 18. Kxg2 Nd7 19. Nf3 Nc5 20. Bc1 f5 21. Rb5 e4 22. Nd2 exd3 23. exd3 Rfe8 24. Nb3 Na4 25. Bd2 Re2 26. Nc1 Qc6+ 27. Kg1 Nc3 28. Rd5 Rxf2 29. Rxf2 Nxd5 30. Qb1 Ne3 31. Ne2 Ra4 32. Nc1 g5 33. Qb3 f4 34. c5+ Kh8 35. Qf7 Ra8 36. Qe7 Ng4 37. Rf1 f3 38. Qe4 f2+ 39. Kh1 Qxe4+ 40. dxe4 Rf8 41. Bxg5 Ne3 42. Bxe3 dxe3 43. Ne2 Rc8 44. Rd1 Be5 45. Kg2 Rxc5 46. Kf3 b5 47. Kxe3 b4 48. Kxf2 b3 49. Rb1 b2 50. Ke3 Ra5 51. Kd2 Ra4 52. Kd3 Ra3+ 53. Kd2 Rf3 54. h4 Kg8 55. Kc2 Re3 56. Nf4 Rxe4 57. Nd3 Rc4+ 58. Kd2 Bxg3 59. Nxb2 Rxh4 60. Rg1 Rg4 61. Ke2 Rg7 62. Kf3 Be5 63. Rxg7+ Kxg7 64. Nd3 Bd6 1/2-1/2